000 00361nam a2200133Ia 4500
008 151001s9999||||xx |||||||||||||| ||und||
100 _aश दा पेंडसे
245 _aराजगुरू समर्थ रामदास
250 _a1
260 _bकेशरी प्रकाशन
260 _c1974
300 _a412
365 _b21
999 _c961853
_d961850